[Event "BI-2012-P-00021"]
[Site "LSS email"]
[Date "2012.04.20"]
[Round "?"]
[White "Bakulin, Yury Valentinovich"]
[Black "Zbrd, Medved"]
[Result "1-0"]
[WhiteElo "2037"]
[BlackElo "1161"]
[PlyCount "71"]
[EventDate "2012.04.22"]
[EventType "tourn (corr)"]
[EventRounds "10"]
[EventCountry "GER"]
[SourceTitle "Telechess CBM 165"]
[Source "ChessBase"]
[SourceDate "2015.03.11"]
[SourceVersion "1"]
[SourceVersionDate "2015.03.11"]
[SourceQuality "1"]

1. e4 c5 2. Nf3 Nc6 3. d4 cxd4 4. Nxd4 e6 5. Nc3 d6 6. Nxc6 bxc6 7. Qf3 Nf6 8. Be2 d5 9. Qg3 h5 10. Bg5 d4 11. 0-0-0 Qb6 12. Na4 Qb4 13. Qe5 c5 14. b3 Be7 15. h4 Bb7 16. f3 Bc6 17. Nb2 0-0 18. Qg3 Rfd8 19. Nc4 Qc3 20. Bd3 a5 21. Kb1 Qb4 22. Qc7 Qb7 23. Qxb7 Bxb7 24. a4 Ra7 25. Kb2 Rb8 26. c3 Bc6 27. Kc2 Rd8 28. Ne5 Ba8 29. Bb5 Rc8 30. Kb2 Rd8 31. cxd4 cxd4 32. Nc4 Kf8 33. Bd2 Rc8 34. Rc1 Bd8 35. Nd6 Rxc1 36. Rxc1 1-0

[Event "BI-2012-P-00021"]
[Site "LSS email"]
[Date "2012.04.20"]
[Round "?"]
[White "Plummer, Martin"]
[Black "Zbrd, Medved"]
[Result "0-1"]
[WhiteElo "986"]
[BlackElo "1161"]
[PlyCount "48"]
[EventDate "2012.04.22"]
[EventType "tourn (corr)"]
[EventRounds "10"]
[EventCountry "GER"]
[SourceTitle "Telechess CBM 165"]
[Source "ChessBase"]
[SourceDate "2015.03.11"]
[SourceVersion "1"]
[SourceVersionDate "2015.03.11"]
[SourceQuality "1"]

1. e4 c5 2. Nf3 Nc6 3. d4 cxd4 4. Nxd4 e6 5. Nc3 d6 6. Be3 Nf6 7. Be2 Be7 8. 0-0 Bd7 9. Ndb5 Qb8 10. Bg5 a6 11. Bxf6 gxf6 12. Nd4 Qa7 13. Nf3 0-0-0 14. a3 Rdg8 15. g3 h5 16. h4 Rxg3+ 17. Kh2 Rg4 18. Qe1 d5 19. exd5 Bd6+ 20. Kh1 Qd4 21. Nxd4 Rxh4+ 22. Kg2 Rg8+ 23. Kf3 Rh3+ 24. Ke4 f5+ 0-1

[Event "BI-2012-P-00021"]
[Site "LSS email"]
[Date "2012.04.20"]
[Round "?"]
[White "Ulasevich, Sergei"]
[Black "Zbrd, Medved"]
[Result "1-0"]
[WhiteElo "2299"]
[BlackElo "1161"]
[PlyCount "105"]
[EventDate "2012.04.22"]
[EventType "tourn (corr)"]
[EventRounds "10"]
[EventCountry "GER"]
[SourceTitle "Telechess CBM 165"]
[Source "ChessBase"]
[SourceDate "2015.03.11"]
[SourceVersion "1"]
[SourceVersionDate "2015.03.11"]
[SourceQuality "1"]

1. d4 Nf6 2. c4 e6 3. Nf3 b6 4. g3 Ba6 5. b3 b5 6. cxb5 Bxb5 7. Bg2 d5 8. 0-0 Nbd7 9. Nc3 Ba6 10. Re1 Bb4 11. Bd2 c5 12. a3 Bxc3 13. Bxc3 Ne4 14. Rc1 Nxc3 15. Rxc3 Qa5 16. Qd2 0-0 17. dxc5 Qxa3 18. c6 Nf6 19. Nd4 Qa5 20. Rc2 Qb6 21. Ra1 Ne8 22. c7 Bb7 23. Ra4 a5 24. b4 Nxc7 25. bxa5 Qd6 26. Rb4 Ba6 27. Rb6 Qe7 28. Nc6 Qa3 29. Qf4 Ne8 30. Qb4 Qxb4 31. Nxb4 Bc8 32. a6 Nf6 33. e3 Nd7 34. Rd6 Nf6 35. Bf1 Bd7 36. Rc7 Ba4 37. Rb6 Ne8 38. Rcb7 Nf6 39. Nc6 Bxc6 40. Rxc6 g5 41. a7 h5 42. Bb5 Ng4 43. Rcc7 Ne5 44. f4 gxf4 45. gxf4 Nc4 46. Bxc4 dxc4 47. Rxc4 Kg7 48. Rc5 h4 49. Rg5+ Kh6 50. Kf2 f6 51. Rg4 Kh5 52. Kf3 Rh8 53. Rgg7 1-0

[Event "BI-2012-P-00021"]
[Site "LSS email"]
[Date "2012.04.20"]
[Round "?"]
[White "Zbrd, Medved"]
[Black "Launhardt, Wolfgang"]
[Result "0-1"]
[WhiteElo "1161"]
[BlackElo "2137"]
[PlyCount "110"]
[EventDate "2012.04.22"]
[EventType "tourn (corr)"]
[EventRounds "10"]
[EventCountry "GER"]
[SourceTitle "Telechess CBM 165"]
[Source "ChessBase"]
[SourceDate "2015.03.11"]
[SourceVersion "1"]
[SourceVersionDate "2015.03.11"]
[SourceQuality "1"]

1. e4 e5 2. Nf3 Nf6 3. d4 Nxe4 4. Bd3 d5 5. Nxe5 Nd7 6. Nxd7 Bxd7 7. 0-0 Qh4 8. c4 0-0-0 9. c5 g6 10. Nc3 Bg7 11. g3 Qf6 12. Be3 Ng5 13. f4 Nh3+ 14. Kg2 Rde8 15. Qd2 Bg4 16. Rae1 Kb8 17. c6 Qxc6 18. Bb5 Qd6 19. Bxe8 Rxe8 20. f5 a6 21. fxg6 Qxg6 22. Bf4 Rxe1 23. Rxe1 Nxf4+ 24. Qxf4 Qc2+ 25. Kg1 h5 26. Nxd5 Be6 27. Ne3 Qxb2 28. d5 Qc3 29. Kf2 Bd7 30. Qxf7 Bb5 31. Qxh5 Bd4 32. Qd1 Bc4 33. h4 Bxd5 34. Re2 Bc6 35. Qb3 Qa5 36. Qf7 Bb5 37. Kf3 Qa3 38. Qg8+ Ka7 39. Qe6 Qd3 40. Re1 c5 41. Kg4 Bc3 42. Nd5 Bc6 43. Nf4 Qd4 44. Qe7 Bxe1 45. Qxe1 c4 46. Qb4 b6 47. h5 Qg7+ 48. Kh3 c3 49. g4 Bb5 50. Ne6 Bf1+ 51. Kh4 Qf6+ 52. Kg3 c2 53. Qd2 Qe5+ 54. Nf4 Qc7 55. Qc1 Be2 0-1

[Event "OP-2011-0-01898"]
[Site "LSS email"]
[Date "2011.11.23"]
[Round "?"]
[White "Zbrd, Medved"]
[Black "Yangibayev, Rustam"]
[Result "1-0"]
[WhiteElo "800"]
[BlackElo "882"]
[PlyCount "41"]
[EventDate "2011.11.21"]
[EventType "tourn (corr)"]
[EventRounds "4"]
[EventCountry "GER"]
[SourceTitle "Telechess CBM 157"]
[Source "ChessBase"]
[SourceDate "2013.11.12"]
[SourceVersion "1"]
[SourceVersionDate "2013.11.12"]
[SourceQuality "1"]

1. e4 c6 2. c4 d5 3. exd5 cxd5 4. cxd5 Qxd5 5. d4 Nc6 6. Nf3 Nf6 7. Nc3 Qd8 8. d5 Nb8 9. Bc4 a6 10. a4 Bg4 11. h3 Bf5 12. Nd4 Bd7 13. 0-0 g6 14. Qb3 Qc7 15. d6 exd6 16. Re1+ Be7 17. Bxf7+ Kd8 18. Rxe7 Kxe7 19. Bg5 Nc6 20. Re1+ Ne5 21. Nd5+ 1-0